书目信息 |
| 题名: |
中国地图册
|
|
| 作者: | ;中国地图出版社 编 | |
| 分册: | ||
| 出版信息: | 北京 中国地图出版社 1990 |
|
| 页数: | 34页 | |
| 开本: | 18cm | |
| 丛书名: | ||
| 单 册: | ||
| 中图分类: | K992.2 | |
| 科图分类: | ||
| 主题词: | 行政区地图--中国 | |
| 电子资源: | ||
| ISBN: | 7-5031-0304-3 | |
| 000 | 00600nam0 2200205 450 | |
| 001 | 0632112328 | |
| 005 | 20060818145635.76 | |
| 010 | @a7-5031-0304-3@dCNY3.50 | |
| 100 | @a20060220d1990 km y0chiy0120 ea | |
| 101 | 0 | @achi |
| 102 | @aCN@b110000 | |
| 200 | 1 | @a中国地图册@Azhong guo di tu ce@f中国地图出版社编@Fzhong guo di tu chu ban she bian |
| 205 | @a7版 | |
| 210 | @a北京@c中国地图出版社@d1990 | |
| 215 | 1 | @a34页@d18cm |
| 606 | 0 | @a行政区地图@y中国 |
| 690 | @aK992.2@v4 | |
| 711 | 0 | @a中国地图出版社@Azhong guo di tu chu ban she@4编 |
| 801 | 0 | @aCN@bPFT@c20060818 |
| 905 | @a10447@dK992.2@e59=7 | |
| 中国地图册/中国地图出版社编.-7版.-北京:中国地图出版社,1990 |
| 34页;18cm |
| ISBN 7-5031-0304-3:CNY3.50 |
| ● |
| 相关链接 |
|
|
|
|
正题名:中国地图册
索取号:K992.2/59=7
 
预约/预借
| 序号 | 登录号 | 条形码 | 馆藏地/架位号 | 状态 | 备注 |
| 1 | 0466556 | 204665567 | 密集书库/ [索取号:K992.2/59=7] | 在馆 |